Comparaison des régimes de protection sociale des salariés et des non-salariés.
Neexistuje právna definícia nezávislého pracovníka. Porovnanie režimov sociálnej ochrany vo Francúzsku. Biela kniha o sociálnej ochrane z r. 1982. Pluralistický prístup k problémom štatútu a pluralistická sociálna ochrana - štatistická a ekonomická analýza. Niekoľko návrhov. (Mire Info 1992, č.25).
Gespeichert in:
| Format: | Buchkapitel |
|---|---|
| Sprache: | Französisch |
| Schlagworte: | |
| Tags: |
Keine Tags, Fügen Sie das erste Tag hinzu!
|
MARC
| LEADER | 00000naa a2200000 4500 | ||
|---|---|---|---|
| 001 | r009899 | ||
| 005 | 20220913124309.3 | ||
| 041 | 0 | |a fre | |
| 044 | |a FR | ||
| 245 | 1 | 0 | |a Comparaison des régimes de protection sociale des salariés et des non-salariés. |
| 520 | |a Neexistuje právna definícia nezávislého pracovníka. Porovnanie režimov sociálnej ochrany vo Francúzsku. Biela kniha o sociálnej ochrane z r. 1982. Pluralistický prístup k problémom štatútu a pluralistická sociálna ochrana - štatistická a ekonomická analýza. Niekoľko návrhov. (Mire Info 1992, č.25). | ||
| 610 | 2 | 0 | |a politika sociálna |
| 610 | 2 | 0 | |a riadenie sociálne |
| 610 | 2 | 0 | |a starostlivosť sociálna |
| 610 | 2 | 0 | |a Francúzsko |
| 610 | 2 | 0 | |a pracovníci |
| 610 | 2 | 0 | |a ochrana pracovníkov |